000 00313nam a22001337a 4500
008 170810b xxu||||| |||| 00| 0 eng d
020 _a0262010933
041 _aeng
080 _a004
100 _a35
101 _aSHKI
245 _aPERFORMANCE MODELS OF MULTIPROCESSOR SYSTEMS
_cMARSAN, M.A
942 _2udc
_cBK
999 _c23169
_d23169